S-Bahnhöfe Rhein-Ruhr (mit Karte!) - Statistiken

Allgemein
  • Dieses Quiz wurde 1.682 mal gespielt
  • Das Durchschnittsergebnis liegt bei 115 aus 344
Antworten auf der Karte
Die Antworten werden auf der Karte rot bzw. grün angezeigt, abhängig davon wie oft sie richtig erraten wurden.
 
Antwortstatistiken
Linien Bahnhof % Korrekt
S1 | S2 | S5 Dortmund Hbf
92%
S1 | S2 | S3 | +2 others Essen Hbf
92%
S1 | S11 | S28 | +2 others Düsseldorf Hbf
91%
S11 | S12 | S13 | S6 Köln Hbf
90%
S1 Duisburg Hbf
85%
S7 | S8 | S9 Wuppertal Hbf
84%
S1 Bochum Hbf
83%
S23 Bonn Hbf
75%
S5 | S8 | S9 Hagen Hbf
75%
S11 | S6 Köln-Mülheim
74%
S1 | S3 Mülheim Hbf
73%
S3 Oberhausen Hbf
73%
S1 | S7 Solingen Hbf
73%
S2 Gelsenkirchen Hbf
72%
S1 Düsseldorf Flughafen ✈
70%
S11 | S12 | S13 | S6 Köln Messe/Deutz Hbf
70%
S11 | S28 | S8 Neuss Hbf
68%
S2 Herne
65%
S13 Köln/Bonn Flughafen ✈
65%
S8 Mönchengladbach Hbf
65%
S2 Recklinghausen Hbf
60%
S11 Düsseldorf Flughafen Terminal ✈
59%
S11 | S28 | S8 Düsseldorf-Hamm
59%
S9 Marl-Hamm
59%
S9 Bottrop Hbf
57%
S7 Remscheid Hbf
56%
S4 Unna
56%
S11 Bergisch Gladbach Hbf
54%
S13 Düren Hbf
51%
S7 | S8 | S9 Wuppertal-Oberbarmen
50%
S12 | S13 Köln-Ehrenfeld
49%
S1 Wattenscheid-Höntrop
49%
S5 Witten Hbf
49%
S1 Bochum-Ehrenfeld
48%
S2 Castrop-Rauxel Hbf
45%
S1 | S11 | S6 Düsseldorf Zoo
45%
S2 Wanne-Eickel Hbf
45%
S7 | S8 | S9 Wuppertal-Barmen
45%
S11 | S28 | S8 Düsseldorf-Bilk
44%
S3 Hattingen
44%
S6 Leverkusen Mitte
44%
S11 Dormagen
43%
S11 | S12 | S13 | S6 Köln Hansaring
43%
S12 | S13 Troisdorf
43%
S1 | S3 | S9 Essen-Steele
42%
S23 Euskirchen
42%
S8 | S9 Wuppertal Zoologischer Garten
42%
S12 Au (Sieg) Hbf
41%
S1 | S3 | S9 Essen West
41%
S6 Langenfeld
41%
S12 Siegburg/Bonn
41%
S6 Düsseldorf-Benrath
40%
S9 Haltern am See
40%
S11 | S6 Köln-Chorweiler
40%
S11 | S6 Köln-Nippes Hbf
40%
S1 | S2 | S4 Dortmund-Dorstfeld
39%
S8 | S9 Wuppertal-Vohwinkel
39%
S1 Dortmund Universität
38%
S4 Dortmund-Lütgendortmund
37%
S1 | S3 Mülheim-Styrum
37%
S28 Kaarster Bahnhof
36%
S12 Porz
36%
S1 | S3 Essen-Steele Ost
35%
S12 | S13 Horrem
35%
S8 | S9 Schwelm
35%
S7 | S8 | S9 Wuppertal-Unterbarmen
35%
S1 Bochum-Langendreer
34%
S1 | S6 Düsseldorf-Oberbilk
34%
S9 Gevelsberg
34%
S8 Gevelsberg Hbf
34%
S11 | S6 Köln-Worringen
34%
S28 Mettmann Stadtwald
34%
S5 Wetter
34%
S6 Düsseldorf-Rath
33%
S12 Hennef
33%
S12 Hennef im Siegbogen
33%
S1 Hilden
32%
S1 | S11 Düsseldorf-Wehrhahn
31%
S6 Düsseldorf Wehrhahn
31%
S6 Kettwig
31%
S6 Ratingen Ost
31%
S1 Düsseldorf-Eller
30%
S1 | S11 Düsseldorf-Unterrath
30%
S6 Leverkusen Chempark
30%
S3 Mülheim West
30%
S1 Bochum-Langendreer West
29%
S1 | S11 | S6 Düsseldorf-Derendorf
29%
S8 Erkrath
29%
S3 Hattingen Mitte
29%
S28 Kaarster See
29%
S11 Dormagen Chempark
28%
S1 Dortmund-Dorstfeld Süd
27%
S2 Dortmund-Mengede
27%
S1 | S3 Essen-Frohnhausen
27%
S12 | S13 Köln-Müngersdorf/Technologiepark
27%
S1 Dortmund-Kley
26%
S11 | S28 | S8 Düsseldorf-Friedrichstadt
26%
S28 | S8 Düsseldorf-Gerresheim
26%
S9 Essen-Borbeck
26%
S6 Essen Süd
26%
S11 | S28 | S8 Neuss Am Kaiser
26%
S4 Dortmund West
25%
S1 Düsseldorf-Angermund
25%
S1 | S6 Düsseldorf Volksgarten
25%
S12 | S13 Frechen-Königsdorf
25%
S5 Hagen-Vorhalle
25%
S11 | S6 Köln-Chorweiler Nord
25%
S11 Köln-Dellbrück
25%
S4 Dortmund-Wickede
24%
S11 | S28 | S8 Düsseldorf Völklinger Straße
24%
S6 Essen Stadtwald
24%
S6 Essen-Werden
24%
S12 | S13 Porz-Wahn
24%
S2 Recklinghausen Süd
24%
S1 Dortmund-Oespel
23%
S28 | S8 Düsseldorf-Flingern
23%
S1 Essen-Eiberg
23%
S28 Kaarst IKEA
23%
S11 | S28 | S8 Neuss Rheinparkcenter
23%
S7 Remscheid-Lennep
23%
S3 Bochum-Dahlhausen
22%
S4 Dortmund Knappschaftskrankenhaus
22%
S4 Dortmund Stadthaus
22%
S1 Duisburg-Großenbaum
22%
S6 Düsseldorf-Eller Süd
22%
S2 Essen-Kray Nord
22%
S8 | S9 Gevelsberg-Knapp
22%
S11 | S6 Köln-Buchforst
22%
S13 Köln-Frankfurter Straße
22%
S12 | S13 Köln-Trimbornstraße
22%
S12 | S13 Köln-Weiden West
22%
S11 Neuss Norf
22%
S11 Neuss Süd
22%
S4 Unna-Königsborn
22%
S9 Velbert-Neviges
22%
S6 Düsseldorf-Garath
21%
S9 Essen-Kupferdreh
21%
S9 Gladbeck West
21%
S8 Gruiten
21%
S11 | S6 Köln-Longerich
21%
S12 | S13 Köln-Lövenich
21%
S7 Solingen Mitte
21%
S9 Bottrop-Boy
20%
S1 Duisburg-Buchholz
20%
S1 Duisburg Schlenk
20%
S1 Düsseldorf-Eller Mitte
20%
S6 Essen-Hügel
20%
S1 Hilden Süd
20%
S8 Korschenbroich
20%
S1 Solingen Vogelpark
20%
S8 | S9 Wuppertal-Sonnborn
20%
S8 | S9 Wuppertal-Steinbeck
20%
S5 Dortmund-Barop
19%
S4 Dortmund Möllerbrücke
19%
S1 Duisburg-Rahm
19%
S6 Düsseldorf-Rath Mitte
19%
S6 Kettwig Stausee
19%
S8 | S9 Schwelm West
19%
S4 Unna West
19%
S9 Velbert-Langenberg
19%
S9 Wülfrath-Aprath
19%
S4 Dortmund-Brackel
18%
S6 Düsseldorf-Reisholz
18%
S8 | S9 Gevelsberg-Kipp
18%
S8 | S9 Gevelsberg West
18%
S11 | S6 Köln Geldernstraße/Parkgürtel
18%
S6 Köln-Stammheim
18%
S9 Marl Mitte
18%
S13 Merzenich
18%
S11 Neuss Allerheiligen
18%
S8 Büttgen
17%
S4 Dortmund-Germania
17%
S9 Essen-Dellwig Ost
17%
S3 Essen-Horst
17%
S9 Essen-Überruhr
17%
S6 Hösel
17%
S12 Köln-Airport Business Park
17%
S28 Mettmann Zentrum
17%
S28 Neanderthal
17%
S23 Rheinbach
17%
S12 | S13 Spich
17%
S5 Witten-Annen Nord
17%
S13 Buir
16%
S4 Dortmund-Körne
16%
S4 Dortmund-Marten Süd
16%
S2 Dortmund-Nette/Östrich
16%
S4 Dortmund-Wickede West
16%
S9 Essen-Holthausen
16%
S9 Gelsenkirchen-Buer Nord
16%
S2 Gelsenkirchen-Rotthausen
16%
S8 Hochdahl
16%
S11 Köln-Holweide
16%
S6 Leverkusen-Rheindorf
16%
S8 Mönchengladbach-Lürrip
16%
S13 Sindorf
16%
S8 | S9 Wuppertal-Langerfeld
16%
S11 Bergisch Gladbach-Duckterath
15%
S2 Dortmund-Huckarde
15%
S28 Erkrath Nord
15%
S9 Essen-Borbeck Süd
15%
S8 Kleinenbroich
15%
S11 | S6 Köln-Blumenberg
15%
S12 Köln-Steinstraße
15%
S7 Wuppertal-Ronsdorf
15%
S12 Blankenberg
14%
S4 Dortmund-Körne West
14%
S4 Dortmund-Somborn
14%
S6 Langenfeld-Berghausen
14%
S23 Bonn-Duisdorf
13%
S4 Dortmund-Asseln Mitte
13%
S5 Dortmund-Kruckel
13%
S2 Dortmund-Westerfilde
13%
S2 Dortmund-Wischlingen
13%
S12 Eitorf
13%
S8 | S9 Hagen-Westerbauer
13%
S28 Kaarst Mitte/Holzbüttgen
13%
S11 | S6 Köln-Volkhovener Weg
13%
S6 Leverkusen-Küppersteg
13%
S4 Massen
13%
S23 Meckenheim
13%
S7 Remscheid-Lüttringhausen
13%
S9 Velbert-Nierenhof
13%
S9 Velbert-Rosenhügel
13%
S11 Dormagen-Nievenheim
12%
S6 Düsseldorf-Hellerhof
12%
S9 Essen-Gerschede
12%
S8 | S9 Hagen-Heubing
12%
S8 Hochdahl-Millrath
12%
S9 Gelsenkirchen-Hassel
11%
S8 | S9 Hagen-Wehringhausen
11%
S12 Schladern
11%
S7 Solingen Grünewald
11%
S12 Herchen
10%
S23 Alfter-Witterschlick
9%
S23 Bonn-Endenich Nord
9%
S23 Bonn-Helmholtzstraße
9%
S23 Euskirchen-Kuchenheim
9%
S23 Meckenheim Industriepark
9%
S23 Swisttal-Odendorf
9%
S23 Alfter-Impekoven
8%
S23 Meckenheim-Kottenforst
8%
S12 Merten
8%
S7 Remscheid-Güldenwerth
8%
S23 Rheinbach Römerkanal
8%
S12 Rosbach
8%
S7 Solingen-Schaberg
8%
S12 Dattenfeld
7%
Keine übereinstimmenden Quizze gefunden
Verteilung der Resultate
Anzahl Personen mit jedem Resultat
Perzentil nach korrekt beantworteten Fragen
Ihre Resultats-Entwicklung
Sie haben dieses Quiz noch nicht gespielt